2017 NCAA Men's Basketball Tournament - Statistics

General Stats
  • This quiz has been taken 297 times
  • The average score is 10 of 16
Answers on the Map
Answers color-coded by a green-red scale on the quiz's map according to % correct below.
 
Answer Stats
Team % Correct
North Carolina
95%
Gonzaga
84%
Kansas
82%
Kentucky
81%
Michigan
74%
Florida
72%
Oregon
69%
UCLA
63%
Wisconsin
61%
Arizona
58%
South Carolina
55%
Baylor
53%
Purdue
44%
Xavier
39%
Butler
30%
West Virginia
29%
No matching quizzes found
Score Distribution
Percent of People with Each Score
Percentile by Number Answered
Your Score History
You have not taken this quiz